Normal view
MARC view
Entry Topical Term
001 - CONTROL NUMBER
- control field: 727536
003 - CONTROL NUMBER IDENTIFIER
- control field: OSt
005 - DATE AND TIME OF LATEST TRANSACTION
- control field: 20241129110233.0
008 - FIXED-LENGTH DATA ELEMENTS
- fixed length control field: 241129|| aca||aabn | a|a d
040 ## - CATALOGING SOURCE
- Original cataloging agency: OSt
- Transcribing agency: OSt
150 ## - HEADING--TOPICAL TERM
- Topical term or geographic name entry element: English Fictiojn
670 ## - SOURCE DATA FOUND
- Source citation: Work cat.: (OSt)1227837: De Asis Ed.; Vescovi Alessandro Ed. 727535, Amitav Ghosh's culture chromosome: anthropology, epistemology, ethics, space, 2021
